00318nam a2200121Ia 4500008004100000020001400041050001500055100002100070245003300091260003500124300002400159650001300183150202s9999 xx 000 0 und d a671698141 aFIC bFIC  aCaidin, Martin.  aPrison ship /cMartin Caidin aNew York :bBaen Books,c1989. a596 pages :c18 cm. aFiction.